|
|
|
|
| LEADER |
01333nam a2200349 i 4500 |
| 001 |
38447 |
| 003 |
BD-DhAAL |
| 008 |
180727e201802 bg b 001 0 eng |
| 999 |
|
|
|c 44131
|d 44131
|
| 010 |
|
|
|a 2017353692
|
| 020 |
|
|
|a 9789849234081
|
| 020 |
|
|
|a 9789849234029
|
| 025 |
|
|
|a B-E-2017353692; 22-92
|
| 037 |
|
|
|b Library of Congress -- New Delhi Overseas Office
|
| 040 |
|
|
|a DLC
|b eng
|e rda
|c DLC
|d DLC
|d BD-DhAAL
|
| 042 |
|
|
|a lcode
|a pcc
|
| 043 |
|
|
|a a-bg---
|
| 050 |
0 |
0 |
|a HN690.6.A8
|b R59 2018
|
| 082 |
|
|
|a 303.4095492
|2 23
|
| 100 |
1 |
|
|a Riaz, Ali,
|d 1958-
|e author.
|9 48215
|
| 245 |
1 |
0 |
|a Undying issues :
|b critical dabates about contemporary challenges /
|c Ali Riaz.
|
| 264 |
|
1 |
|a Dhaka :
|b Pathak Shamabesh,
|c 2018.
|
| 300 |
|
|
|a 175 pages ;
|c 21 cm.
|
| 504 |
|
|
|a Includes bibliographical references and index.
|
| 541 |
|
|
|a Donated By Akbar Ali Khan
|e 38447
|
| 650 |
|
0 |
|a Social change
|z Bangladesh.
|9 48216
|
| 650 |
|
0 |
|a Social change
|z Bangladesh.
|9 48216
|
| 650 |
|
0 |
|a Secularism
|z Bangladesh.
|9 48217
|
| 651 |
|
0 |
|a Bangladesh
|x Politics and government.
|9 48218
|
| 852 |
|
|
|a Ayesha Abed Library
|c Akbar Ali Khan Collection
|
| 942 |
|
|
|2 ddc
|c BK
|
| 952 |
|
|
|0 0
|1 0
|2 ddc
|4 0
|6 303_409549200000000_RIA
|7 1
|9 70550
|a BRACUL
|b BRACUL
|c AAKC
|d 2022-04-24
|e Donated by Akbar Ali Khan
|l 0
|o 303.4095492 RIA
|p 3010038447
|r 2022-04-24
|t 1
|w 2022-04-24
|y BK
|